[Event "CCT Play-in Chessable Masters 2024"]
[Site "Online"]
[Date "2024.01.31"]
[Round "6"]
[White "Dedic8"]
[Black "KuzubovYuriy"]
[Result "0-1"]
[WhiteElo "2548"]
[BlackElo "2685"]
[Annotator "TA"]
[PlyCount "52"]
[EventDate "2024.01.26"]
[EventType "swiss"]
[EventCountry "NET"]
[SourceTitle "playchess.com"]
[Source "ChessBase"]
[SourceQuality "1"]

1. d4 Nf6 2. c4 e6 3. Nc3 Bb4 4. e3 c5 5. Bd3 d6 6. Nge2 Nc6 7. O-O cxd4 8. exd4 Bxc3 9. Nxc3 Nxd4 10. Be3 Nc6 11. Qd2 Ne7 12. Rad1 d5 13. cxd5 Nfxd5 14. Bc5 O-O 15. Nxd5 exd5 16. Rfe1 Re8 17. Qg5 Be6 18. Qh5 Ng6 19. Bd4 Qa5 20. h3 Bd7 21. Bc3 Qxa2 22. f4 Qb3 23. f5 Rxe1+ 24. Rxe1 d4 25. Bxd4 Qxd3 26. Rd1 Qxf5 0-1

[Event "CCT Play-in Chessable Masters 2024"]
[Site "Online"]
[Date "2024.01.31"]
[Round "6"]
[White "Lodici, Lorenzo"]
[Black "Mendonca, Leon Luke"]
[Result "1-0"]
[WhiteElo "2548"]
[BlackElo "2608"]
[Annotator "RC"]
[PlyCount "141"]
[EventDate "2024.01.26"]
[EventType "swiss"]
[EventCountry "NET"]
[SourceTitle "playchess.com"]
[Source "ChessBase"]
[SourceQuality "1"]

1. e4 c6 2. Nf3 d5 3. d3 g6 4. e5 Bg7 5. d4 f6 6. Bd3 Nh6 7. exf6 exf6 8. O-O O-O 9. c4 Be6 10. c5 Nd7 11. Re1 Re8 12. Nc3 Nf7 13. b4 Qc7 14. h3 Nf8 15. Be3 g5 16. Qc2 Qd7 17. Ne2 h5 18. Ng3 h4 19. Nf5 Qc7 20. Nh2 Nh6 21. Nxh6+ Bxh6 22. Ng4 Bg7 23. f4 Bxg4 24. hxg4 Ne6 25. Bg6 Re7 26. f5 Nf4 27. Bxf4 Rxe1+ 28. Rxe1 Qxf4 29. Qd3 b6 30. Be8 bxc5 31. Bxc6 c4 32. Bxd5+ Kh8 33. Qxc4 Rd8 34. Re4 Qd2 35. Qc6 Kh7 36. b5 Qd1+ 37. Kh2 Qd3 38. Re7 Qxd4 39. Qc7 Qf4+ 40. Qxf4 gxf4 41. Bc6 Kh6 42. Rxa7 Bf8 43. Bf3 Bc5 44. Rc7 Bf2 45. Rc1 Rd2 46. Rb1 Bb6 47. a4 Ra2 48. Bd1 Kg5 49. Rc1 Rb2 50. Rc8 Rb1 51. Rg8+ Kh6 52. g5+ Kh7 53. Bc2 Rb2 54. Rb8 fxg5 55. Rxb6 Rxc2 56. Kh3 Rc3+ 57. Kg4 h3 58. gxh3 Rg3+ 59. Kh5 Rxh3+ 60. Kxg5 f3 61. Rc6 f2 62. Rc1 Ra3 63. Rf1 Rxa4 64. Rxf2 Rb4 65. Rc2 Rxb5 66. Rc7+ Kg8 67. Kg6 Rb8 68. f6 Ra8 69. Rg7+ Kh8 70. Rh7+ Kg8 71. f7+ 1-0

[Event "CCT Play-in Chessable Masters 2024"]
[Site "Online"]
[Date "2024.01.31"]
[Round "6"]
[White "stSecond"]
[Black "Durarbayli, Vasif"]
[Result "1-0"]
[WhiteElo "2543"]
[BlackElo "2627"]
[Annotator "RC"]
[PlyCount "99"]
[EventDate "2024.01.26"]
[EventType "swiss"]
[EventCountry "NET"]
[SourceTitle "playchess.com"]
[Source "ChessBase"]
[SourceQuality "1"]

1. c4 c5 2. Nf3 Nf6 3. Nc3 e6 4. d4 cxd4 5. Nxd4 Bb4 6. Bd2 O-O 7. Rc1 Nc6 8. Nc2 Bc5 9. e3 d5 10. cxd5 exd5 11. Be2 Bf5 12. O-O Rc8 13. Na4 Bd6 14. Bc3 Ne4 15. Nd4 Bd7 16. Nb5 Be6 17. Nxd6 Qxd6 18. Bd4 b6 19. Ba6 Rc7 20. f3 Nf6 21. Qd2 Nxd4 22. exd4 Rxc1 23. Rxc1 h6 24. Nc3 Bd7 25. Nb5 Bxb5 26. Bxb5 Qe6 27. Qf4 Rc8 28. Rxc8+ Qxc8 29. Bd3 h5 30. a3 a5 31. h4 Qd8 32. Kf2 g6 33. g3 Ne8 34. Qe5 Nc7 35. f4 f6 36. Qe1 f5 37. Qe5 Kf7 38. Be2 Qe7 39. Bf3 Qxe5 40. dxe5 Ke6 41. Ke3 Kd7 42. Be2 Kc6 43. a4 Kc5 44. Bf3 b5 45. axb5 Nxb5 46. Kd3 a4 47. Bd1 a3 48. bxa3 Nxa3 49. Ba4 Nb5 50. e6 1-0

[Event "CCT Play-in Chessable Masters 2024"]
[Site "Online"]
[Date "2024.01.31"]
[Round "6"]
[White "Sychev, Klementy"]
[Black "Ibarra Jerez, Jose Carlos"]
[Result "1-0"]
[WhiteElo "2542"]
[BlackElo "2559"]
[Annotator "RC"]
[PlyCount "123"]
[EventDate "2024.01.26"]
[EventType "swiss"]
[EventCountry "NET"]
[SourceTitle "playchess.com"]
[Source "ChessBase"]
[SourceQuality "1"]

1. e4 c5 2. Nf3 Nc6 3. d4 cxd4 4. Nxd4 e5 5. Nb5 d6 6. a4 Be6 7. N1c3 a6 8. Na3 Rc8 9. Bc4 Nf6 10. Bg5 Be7 11. Bxf6 Bxf6 12. Nd5 Bg5 13. O-O O-O 14. c3 g6 15. Qd3 Kg7 16. Rad1 Bg4 17. f3 Be6 18. Kh1 Bxd5 19. Bxd5 Qc7 20. g3 Rfd8 21. Ba2 Ne7 22. Qc4 d5 23. Qxc7 Rxc7 24. exd5 Rcd7 25. c4 Nf5 26. Rfe1 Be7 27. Nc2 a5 28. Rxe5 Bc5 29. Rde1 Kf8 30. Bb1 Rd6 31. Na3 Nd4 32. Kg2 Bxa3 33. bxa3 Rc8 34. Bd3 Nb3 35. f4 Nc5 36. Bf1 Nxa4 37. f5 Nc5 38. Rb1 b6 39. g4 Nd7 40. Re3 g5 41. Kg3 Kg7 42. h4 h6 43. Be2 Kf6 44. Rh1 Kg7 45. hxg5 hxg5 46. Rh5 Nf6 47. Rh1 b5 48. cxb5 Rxd5 49. Rb1 Rd4 50. b6 Rb8 51. b7 Ne4+ 52. Kg2 Nc5 53. Bf3 Rd7 54. Rb5 Nd3 55. Rxa5 Nf4+ 56. Kg3 Rh8 57. Ra8 Rh3+ 58. Kf2 Rh2+ 59. Kg1 Rdd2 60. b8=Q Nh3+ 61. Kf1 Rdf2+ 62. Ke1 1-0

[Event "CCT Play-in Chessable Masters 2024"]
[Site "Online"]
[Date "2024.01.31"]
[Round "6"]
[White "ElHelvetico"]
[Black "Sadhwani, Raunak"]
[Result "1-0"]
[WhiteElo "2538"]
[BlackElo "2654"]
[Annotator "TA"]
[PlyCount "81"]
[EventDate "2024.01.26"]
[EventType "swiss"]
[EventCountry "NET"]
[SourceTitle "playchess.com"]
[Source "ChessBase"]
[SourceQuality "1"]

1. Nf3 Nf6 2. b3 g6 3. Bb2 Bg7 4. g3 O-O 5. Bg2 d6 6. O-O e5 7. d3 Nc6 8. c4 Bd7 9. Nbd2 Qc8 10. e3 Bh3 11. d4 e4 12. Ne1 d5 13. cxd5 Nb4 14. Ba3 a5 15. Bxb4 axb4 16. Nc2 Nxd5 17. Nxe4 Bf5 18. Qd2 Bxe4 19. Bxe4 Nc3 20. Bg2 c5 21. a4 Rd8 22. Rac1 Ra7 23. Rfe1 b6 24. Qd3 Qe6 25. d5 f5 26. Qxc3 Bxc3 27. dxe6 Bxe1 28. Nxe1 Kg7 29. Bf1 Kf6 30. Bc4 Rd2 31. Nf3 Rd6 32. h4 Ra8 33. Kg2 Rad8 34. Re1 Rd1 35. Re2 Ke7 36. e4 fxe4 37. Rxe4 Rf8 38. Re2 Rd6 39. Ng5 h6 40. Nf7 Rd1 41. Nxh6 1-0

[Event "CCT Play-in Chessable Masters 2024"]
[Site "Online"]
[Date "2024.01.31"]
[Round "6"]
[White "Samunenkov, Ihor"]
[Black "Fridman, Daniel"]
[Result "1/2-1/2"]
[WhiteElo "2533"]
[BlackElo "2588"]
[Annotator "RC"]
[PlyCount "120"]
[EventDate "2024.01.26"]
[EventType "swiss"]
[EventCountry "NET"]
[SourceTitle "playchess.com"]
[Source "ChessBase"]
[SourceQuality "1"]

1. d4 d5 2. c4 e6 3. Nf3 Nf6 4. g3 Be7 5. Bg2 O-O 6. O-O dxc4 7. Qc2 a6 8. a4 Nc6 9. Qxc4 Na5 10. Qc2 b6 11. Nc3 Bb7 12. Rd1 Nd5 13. b3 Rc8 14. Qb2 Nxc3 15. Qxc3 c5 16. Qe3 Qd5 17. Ne1 cxd4 18. Rxd4 Qxb3 19. Bxb7 Qxe3 20. Bxe3 Nxb7 21. Rb1 Bc5 22. Rd3 Rc6 23. Nf3 f6 24. Rd7 Rf7 25. Rd3 e5 26. Nd2 Rfc7 27. Nc4 Bxe3 28. Nxe3 Rc1+ 29. Rxc1 Rxc1+ 30. Kg2 Nc5 31. Rd8+ Kf7 32. Rc8 Ra1 33. Rc7+ Kg6 34. Nd5 Nxa4 35. e4 Nc5 36. Ne7+ Kf7 37. Nf5+ Ke8 38. Rxg7 Nxe4 39. f3 Ra2+ 40. Kh3 Ng5+ 41. Kg4 Rxh2 42. Nd6+ Kf8 43. Rb7 Rd2 44. Rxb6 a5 45. Kf5 Nf7 46. Rb8+ Ke7 47. Nxf7 Kxf7 48. Rb7+ Kg8 49. Ra7 Rd3 50. f4 Rxg3 51. Kxf6 Rg6+ 52. Kxe5 h5 53. f5 Rb6 54. f6 h4 55. Kf5 Rb1 56. Ra8+ Kf7 57. Ra7+ Kf8 58. Ra8+ Kf7 59. Ra7+ Kg8 60. Ra8+ Kf7 1/2-1/2

[Event "CCT Play-in Chessable Masters 2024"]
[Site "Online"]
[Date "2024.01.31"]
[Round "6"]
[White "zvonokchess"]
[Black "Dronavalli, Harika"]
[Result "1-0"]
[WhiteElo "2532"]
[BlackElo "2500"]
[Annotator "RC"]
[PlyCount "63"]
[EventDate "2024.01.26"]
[EventType "swiss"]
[EventCountry "NET"]
[SourceTitle "playchess.com"]
[Source "ChessBase"]
[SourceQuality "1"]

1. d4 d5 2. Nf3 Nf6 3. Bf4 Bf5 4. c4 e6 5. Qb3 Nc6 6. c5 Rb8 7. e3 Be7 8. Bb5 O-O 9. Qa3 Nd7 10. Bxc6 bxc6 11. Nc3 f6 12. O-O Bg4 13. Nd2 e5 14. Bg3 f5 15. Bxe5 Bxc5 16. Qa4 Nxe5 17. dxe5 Qe8 18. Nb3 Bb6 19. Nd4 f4 20. Nxc6 Bd7 21. Nxd5 fxe3 22. fxe3 Rxf1+ 23. Rxf1 Kh8 24. Rc1 Qg6 25. Nxb6 cxb6 26. Qxa7 Rf8 27. Qxd7 Qg5 28. Qd4 Qf5 29. h3 h5 30. Qf4 Qc8 31. Qg5 Rf5 32. Qd8+ 1-0

[Event "CCT Play-in Chessable Masters 2024"]
[Site "Online"]
[Date "2024.01.31"]
[Round "6"]
[White "Kevlishvili, Robby"]
[Black "Lupulescu, Constantin"]
[Result "1/2-1/2"]
[WhiteElo "2531"]
[BlackElo "2589"]
[Annotator "RC"]
[PlyCount "62"]
[EventDate "2024.01.26"]
[EventType "swiss"]
[EventCountry "NET"]
[SourceTitle "playchess.com"]
[Source "ChessBase"]
[SourceQuality "1"]

1. e4 c5 2. Nf3 e6 3. c3 d5 4. exd5 Qxd5 5. d4 Nf6 6. Na3 Qd8 7. Nc4 Nc6 8. Nce5 cxd4 9. Nxc6 bxc6 10. Nxd4 Qc7 11. Be2 Bd6 12. Bf3 Bb7 13. Bg5 O-O 14. h3 Be5 15. O-O Rfd8 16. Qe2 h6 17. Bxf6 Bxf6 18. Rfd1 Qb6 19. Rd2 Bxd4 20. cxd4 Rxd4 21. Rxd4 Qxd4 22. Rd1 Qb6 23. Rd7 Rd8 24. Qd2 Rxd7 25. Qxd7 g6 26. b3 Qb4 27. Qc7 Kg7 28. Qe5+ Kh7 29. Qc7 Kg7 30. Qe5+ Kh7 31. Qc7 Kg7 1/2-1/2

[Event "CCT Play-in Chessable Masters 2024"]
[Site "Online"]
[Date "2024.01.31"]
[Round "6"]
[White "GMKrikor"]
[Black "Budisavljevic, Luka"]
[Result "1/2-1/2"]
[WhiteElo "2528"]
[BlackElo "2475"]
[Annotator "RC"]
[PlyCount "93"]
[EventDate "2024.01.26"]
[EventType "swiss"]
[EventCountry "NET"]
[SourceTitle "playchess.com"]
[Source "ChessBase"]
[SourceQuality "1"]

1. Nf3 e6 2. c4 Nf6 3. Nc3 d5 4. cxd5 exd5 5. d4 c6 6. Bf4 Bd6 7. Bxd6 Qxd6 8. e3 O-O 9. Qb3 Nbd7 10. Bd3 c5 11. Qa3 b6 12. O-O Bb7 13. Rfd1 Qe6 14. Ba6 Bc6 15. b4 cxb4 16. Qxb4 Nb8 17. Bd3 Bb7 18. Ne5 Nc6 19. Nxc6 Qxc6 20. Rac1 Rac8 21. h3 Qd7 22. Qb1 g6 23. a4 Kg7 24. a5 bxa5 25. Qa1 Qd8 26. Na4 Nd7 27. Bb5 Nb8 28. Nc5 Bc6 29. Be2 Nd7 30. Ba6 Rb8 31. Be2 Bb5 32. Nxd7 Qxd7 33. Bxb5 Rxb5 34. Qa4 Rfb8 35. Rc2 Qd6 36. Rdc1 Qb4 37. Qa2 a4 38. Rc7 Ra5 39. Qe2 a3 40. Qf3 Rf8 41. Rd7 a2 42. Rcc7 a1=Q+ 43. Kh2 Kg8 44. Rd8 Kg7 45. Rdd7 Kg8 46. Rd8 Kg7 47. Rdd7 1/2-1/2

[Event "CCT Play-in Chessable Masters 2024"]
[Site "Online"]
[Date "2024.01.31"]
[Round "6"]
[White "Smirnov, Pavel"]
[Black "Tabatabaei, M. Amin"]
[Result "1/2-1/2"]
[WhiteElo "2526"]
[BlackElo "2696"]
[Annotator "TA"]
[PlyCount "44"]
[EventDate "2024.01.26"]
[EventType "swiss"]
[EventCountry "NET"]
[SourceTitle "playchess.com"]
[Source "ChessBase"]
[SourceQuality "1"]

1. d4 Nf6 2. c4 e6 3. g3 d5 4. Nf3 dxc4 5. Bg2 Nc6 6. O-O Rb8 7. Nc3 b5 8. Ne5 Nxe5 9. dxe5 Nd7 10. Bc6 a6 11. Qd4 Bb7 12. Bxb7 Rxb7 13. Rd1 Qc8 14. a4 Be7 15. axb5 axb5 16. Ne4 c5 17. Nd6+ Bxd6 18. Qxd6 Qb8 19. Qc6 Rc7 20. Qd6 Rb7 21. Qc6 Rc7 22. Qd6 Rb7 1/2-1/2

[Event "CCT Play-in Chessable Masters 2024"]
[Site "Online"]
[Date "2024.01.31"]
[Round "6"]
[White "Genghis_K"]
[Black "Cuenca Jimenez, Jose Fernando"]
[Result "1-0"]
[WhiteElo "2512"]
[BlackElo "2514"]
[Annotator "RC"]
[PlyCount "79"]
[EventDate "2024.01.26"]
[EventType "swiss"]
[EventCountry "NET"]
[SourceTitle "playchess.com"]
[Source "ChessBase"]
[SourceQuality "1"]

1. e4 e5 2. Nf3 Nc6 3. d4 exd4 4. Nxd4 Nf6 5. Nxc6 bxc6 6. Bd3 d5 7. exd5 cxd5 8. O-O Be7 9. c4 d4 10. Nd2 O-O 11. Ne4 Bb7 12. Nxf6+ Bxf6 13. b4 g6 14. Re1 Qd6 15. b5 a6 16. a4 axb5 17. cxb5 Rfe8 18. Bd2 Be5 19. h3 Qd5 20. Qg4 Qb3 21. Bf1 d3 22. Qd7 Red8 23. Qe7 Bxa1 24. Rxa1 Qb2 25. Rd1 Qc2 26. Bh6 Qc3 27. Rc1 Qd4 28. Rxc7 Bd5 29. Bd2 Re8 30. Qd6 Re2 31. Be3 Rxe3 32. fxe3 Qxe3+ 33. Kh2 Re8 34. Rc3 Be4 35. Qf6 Qd2 36. Rc7 Rf8 37. b6 Qe3 38. b7 Bxb7 39. Rxb7 d2 40. Bc4 1-0

[Event "CCT Play-in Chessable Masters 2024"]
[Site "Online"]
[Date "2024.01.31"]
[Round "6"]
[White "Raja Harshit"]
[Black "Mitrabha, Guha"]
[Result "0-1"]
[WhiteElo "2508"]
[BlackElo "2504"]
[Annotator "RC"]
[PlyCount "66"]
[EventDate "2024.01.26"]
[EventType "swiss"]
[EventCountry "NET"]
[SourceTitle "playchess.com"]
[Source "ChessBase"]
[SourceQuality "1"]

1. e4 c6 2. d4 d5 3. e5 Bf5 4. Nf3 e6 5. Be2 Ne7 6. O-O Ng6 7. Nbd2 Nf4 8. Nb3 Nxe2+ 9. Qxe2 h6 10. a4 a5 11. Ne1 Qb6 12. Nd3 Nd7 13. Be3 Be7 14. f4 Qa6 15. Qd2 Nb6 16. Ndc5 Qa7 17. Qe2 Nc4 18. Bc1 b6 19. Nd3 h5 20. Nd2 Qa6 21. b3 Nxd2 22. Qxd2 c5 23. Ba3 Rc8 24. Rac1 cxd4 25. Bxe7 Kxe7 26. Nb2 Rc5 27. Rf2 Rhc8 28. Qxd4 Bxc2 29. b4 axb4 30. Qxb4 Bf5 31. Rd1 Qa5 32. Qb3 Rc3 33. Qa2 Qc5 0-1

[Event "CCT Play-in Chessable Masters 2024"]
[Site "Online"]
[Date "2024.01.31"]
[Round "6"]
[White "Gharibyan, Mamikon"]
[Black "Gascon Del Nogal, Jose Rafael"]
[Result "1-0"]
[WhiteElo "2504"]
[BlackElo "2475"]
[Annotator "RC"]
[PlyCount "41"]
[EventDate "2024.01.26"]
[EventType "swiss"]
[EventCountry "NET"]
[SourceTitle "playchess.com"]
[Source "ChessBase"]
[SourceQuality "1"]

1. d4 Nf6 2. c4 e6 3. Nf3 b6 4. g3 Bb7 5. Bg2 Be7 6. O-O O-O 7. Re1 c5 8. d5 exd5 9. Nh4 Na6 10. cxd5 d6 11. Nf5 Re8 12. Nxe7+ Qxe7 13. Nc3 Nd7 14. Nb5 Nf6 15. Bf4 Red8 16. e4 Nc7 17. Bxd6 Rxd6 18. Nxd6 Qxd6 19. e5 Qd8 20. exf6 Nb5 21. Re7 1-0

[Event "CCT Play-in Chessable Masters 2024"]
[Site "Online"]
[Date "2024.01.31"]
[Round "6"]
[White "Angry_Twin"]
[Black "DrVelja"]
[Result "0-1"]
[WhiteElo "2503"]
[BlackElo "2568"]
[Annotator "RC"]
[PlyCount "140"]
[EventDate "2024.01.26"]
[EventType "swiss"]
[EventCountry "NET"]
[SourceTitle "playchess.com"]
[Source "ChessBase"]
[SourceQuality "1"]

1. e4 c5 2. Nf3 e6 3. d3 Nc6 4. g3 d5 5. Nbd2 Nf6 6. Bg2 Be7 7. O-O O-O 8. Re1 b5 9. e5 Nd7 10. Qe2 a5 11. Nf1 a4 12. a3 Bb7 13. h4 Qc7 14. Bf4 Rfc8 15. N1h2 b4 16. h5 h6 17. g4 Nd4 18. Nxd4 cxd4 19. Rec1 Nb8 20. axb4 Bxb4 21. Nf3 Nc6 22. g5 hxg5 23. Nxg5 Be7 24. Nf3 a3 25. bxa3 Rxa3 26. Rab1 Ra2 27. h6 g6 28. Qd2 Ba3 29. Rd1 Ne7 30. Nxd4 Ba6 31. Qe3 Bc5 32. h7+ Kxh7 33. Bg5 Ng8 34. c3 Kg7 35. Qf4 Be7 36. Nf3 Qa7 37. d4 Rxc3 38. Ra1 Rcc2 39. Rxa2 Rxa2 40. Bxe7 Qxe7 41. Ng5 Nh6 42. Bh3 Be2 43. Rb1 Bd3 44. Rb8 Bf5 45. Bxf5 Nxf5 46. Nf3 Qc7 47. Rb1 Qc2 48. Rf1 Qe4 49. Qxe4 dxe4 50. Ng5 Nxd4 51. Nxe4 Nf3+ 52. Kg2 Nxe5 53. Rd1 Kf8 54. Rd8+ Ke7 55. Rb8 Ra7 56. f4 Nd7 57. Rc8 Nf6 58. Nc3 Rd7 59. Kf3 Nd5 60. Ne4 Rc7 61. Rb8 f5 62. Ng5 Rc3+ 63. Kf2 Nxf4 64. Rb7+ Kf6 65. Nf3 g5 66. Nd4 Rd3 67. Nc6 g4 68. Rb4 g3+ 69. Ke1 g2 70. Kf2 Rd2+ 0-1

[Event "CCT Play-in Chessable Masters 2024"]
[Site "Online"]
[Date "2024.01.31"]
[Round "6"]
[White "Samadov, Read"]
[Black "Khanin, Semen"]
[Result "1-0"]
[WhiteElo "2502"]
[BlackElo "2558"]
[Annotator "RC"]
[PlyCount "49"]
[EventDate "2024.01.26"]
[EventType "swiss"]
[EventCountry "NET"]
[SourceTitle "playchess.com"]
[Source "ChessBase"]
[SourceQuality "1"]

1. Nf3 d5 2. g3 g6 3. Bg2 Bg7 4. d4 Nf6 5. O-O O-O 6. c4 c6 7. a4 Ne4 8. Nc3 Nxc3 9. bxc3 dxc4 10. Ba3 Re8 11. Nd2 Be6 12. Rb1 Qc7 13. e4 Nd7 14. d5 cxd5 15. exd5 Bf5 16. d6 exd6 17. Rxb7 Qa5 18. Nxc4 Qxc3 19. Nxd6 Qxa3 20. Nxf5 Nc5 21. Nxg7 Red8 22. Qg4 Kxg7 23. Rc7 Rab8 24. Qf4 Nd7 25. Rxd7 1-0

[Event "CCT Play-in Chessable Masters 2024"]
[Site "Online"]
[Date "2024.01.31"]
[Round "6"]
[White "Sivuk, Vitaly"]
[Black "Vaibhav, Suri"]
[Result "0-1"]
[WhiteElo "2502"]
[BlackElo "2596"]
[Annotator "RC"]
[PlyCount "124"]
[EventDate "2024.01.26"]
[EventType "swiss"]
[EventCountry "NET"]
[SourceTitle "playchess.com"]
[Source "ChessBase"]
[SourceQuality "1"]

1. d4 Nf6 2. c4 e6 3. Nf3 d5 4. Nc3 c5 5. cxd5 Nxd5 6. e3 Nc6 7. Bd3 Be7 8. O-O cxd4 9. exd4 O-O 10. a3 Bf6 11. Bc2 Nce7 12. h4 b6 13. Qd3 g6 14. Bh6 Bg7 15. Bxg7 Kxg7 16. Ne5 Bb7 17. Qg3 Nf6 18. Rad1 Rc8 19. Rfe1 Ned5 20. Bb1 Nh5 21. Qg4 f5 22. Qg5 Qxg5 23. hxg5 Nxc3 24. bxc3 Rxc3 25. Ba2 Nf4 26. Nd7 Rd8 27. Nf6 h6 28. d5 hxg5 29. dxe6 Rxd1 30. Ne8+ Kh6 31. Rxd1 Rxa3 32. Bc4 b5 33. Bxb5 Nxe6 34. Nd6 Ba8 35. g3 g4 36. Nf7+ Kg7 37. Ne5 Kf6 38. Nc4 Ra2 39. Ne3 Ng5 40. Bc6 Bxc6 41. Rd6+ Kg7 42. Rxc6 Nh3+ 43. Kf1 Nxf2 44. Nd5 Ne4 45. Nf4 g5 46. Ne6+ Kf7 47. Ke1 a5 48. Ra6 a4 49. Nd8+ Ke8 50. Ne6 Ke7 51. Nd4 Nxg3 52. Ra5 Kf6 53. Nb5 Ne4 54. Nc7 g3 55. Nd5+ Kg6 56. Kf1 f4 57. Ne7+ Kh5 58. Nf5 Kg4 59. Nd4 Nd2+ 60. Ke1 Nf3+ 61. Nxf3 Kxf3 62. Rxg5 g2 0-1

[Event "CCT Play-in Chessable Masters 2024"]
[Site "Online"]
[Date "2024.01.31"]
[Round "6"]
[White "Kosteniuk, Alexandra"]
[Black "Bernadskiy, Vitaliy"]
[Result "0-1"]
[WhiteElo "2501"]
[BlackElo "2566"]
[Annotator "RC"]
[PlyCount "86"]
[EventDate "2024.01.26"]
[EventType "swiss"]
[EventCountry "NET"]
[SourceTitle "playchess.com"]
[Source "ChessBase"]
[SourceQuality "1"]

1. e4 c6 2. d4 d5 3. e5 Bf5 4. Nf3 e6 5. Be2 Bg6 6. Nbd2 Nh6 7. h4 Bh5 8. Nb3 Nf5 9. Ng5 Bxe2 10. Qxe2 Be7 11. Qh5 g6 12. Qf3 h5 13. g3 a5 14. Be3 a4 15. Nd2 Qb6 16. Qf4 Nd7 17. c4 dxc4 18. O-O Qb5 19. b3 cxb3 20. axb3 a3 21. Nge4 Nb6 22. Qf3 Nd5 23. Bg5 Nxd4 24. Qd1 Qe2 25. Qc1 Qxe4 26. Nxe4 Ne2+ 27. Kg2 Nxc1 28. Bxe7 Kxe7 29. Rfxc1 Ra7 30. Rc4 a2 31. Rc2 Rha8 32. Nd6 f6 33. Nc4 b5 34. exf6+ Kxf6 35. Nd6 Nb4 36. Re2 Rd7 37. Ne4+ Ke7 38. Nc5 Rd6 39. Ne4 Rd5 40. Ng5 e5 41. Nf3 Kf6 42. Ne1 Rc5 43. Rd2 Rc3 0-1

[Event "CCT Play-in Chessable Masters 2024"]
[Site "Online"]
[Date "2024.01.31"]
[Round "6"]
[White "Shyam, Sundar M."]
[Black "alexrustemov"]
[Result "1-0"]
[WhiteElo "2497"]
[BlackElo "2659"]
[Annotator "TA"]
[PlyCount "59"]
[EventDate "2024.01.26"]
[EventType "swiss"]
[EventCountry "NET"]
[SourceTitle "playchess.com"]
[Source "ChessBase"]
[SourceQuality "1"]

1. Nf3 d5 2. b3 Bf5 3. Bb2 e6 4. g3 h6 5. Bg2 Nf6 6. O-O Be7 7. d3 O-O 8. Nbd2 a5 9. Nd4 Bh7 10. a4 Na6 11. e4 Nb4 12. e5 Nd7 13. f4 c5 14. Nb5 Nb6 15. Rc1 c4 16. dxc4 dxc4 17. Nxc4 Nxc4 18. bxc4 Bxc2 19. Rxc2 Qxd1 20. Rxd1 Nxc2 21. Bxb7 Rad8 22. Nd6 Rb8 23. c5 Bxd6 24. exd6 Rxb7 25. c6 Ne3 26. cxb7 Nxd1 27. Bd4 f6 28. d7 Kf7 29. Bb6 Nc3 30. d8=Q 1-0

[Event "CCT Play-in Chessable Masters 2024"]
[Site "Online"]
[Date "2024.01.31"]
[Round "6"]
[White "Frolyanov, Dmitry"]
[Black "Olafsson, Helgi"]
[Result "1/2-1/2"]
[WhiteElo "2495"]
[BlackElo "2471"]
[Annotator "RC"]
[PlyCount "75"]
[EventDate "2024.01.26"]
[EventType "swiss"]
[EventCountry "NET"]
[SourceTitle "playchess.com"]
[Source "ChessBase"]
[SourceQuality "1"]

1. d4 Nf6 2. c4 e6 3. Nf3 d5 4. g3 dxc4 5. Bg2 a6 6. Ne5 c5 7. Na3 cxd4 8. Naxc4 Bc5 9. O-O O-O 10. Bf4 Nd5 11. Bd2 b5 12. Na5 Bb6 13. Qe1 Qd6 14. Nd3 Bxa5 15. Bxa5 Nc6 16. Nb4 Ndxb4 17. Bxb4 Nxb4 18. Bxa8 Nc2 19. Qd2 Nxa1 20. Rxa1 Bd7 21. Bf3 e5 22. e3 Be6 23. exd4 exd4 24. a4 b4 25. Rc1 Rc8 26. Rxc8+ Bxc8 27. Be2 a5 28. Bc4 h6 29. Qe2 Be6 30. Bd3 Kf8 31. Qf3 Qd5 32. Qf4 Qc5 33. Qb8+ Ke7 34. Qb7+ Kf8 35. Qa8+ Ke7 36. Qb7+ Kf8 37. Qa8+ Ke7 38. Qb7+ 1/2-1/2

[Event "CCT Play-in Chessable Masters 2024"]
[Site "Online"]
[Date "2024.01.31"]
[Round "6"]
[White "Gadimbayli, Abdulla"]
[Black "Bharath Subramaniyam H"]
[Result "1-0"]
[WhiteElo "2489"]
[BlackElo "2515"]
[Annotator "RC"]
[PlyCount "95"]
[EventDate "2024.01.26"]
[EventType "swiss"]
[EventCountry "NET"]
[SourceTitle "playchess.com"]
[Source "ChessBase"]
[SourceQuality "1"]

1. e4 c6 2. Nf3 d5 3. exd5 cxd5 4. Ne5 Nf6 5. d4 g6 6. Bb5+ Bd7 7. Bd3 Bg7 8. c3 Nc6 9. Nxd7 Qxd7 10. O-O O-O 11. Re1 a6 12. Nd2 e6 13. h3 b5 14. Nb3 Qc7 15. Bd2 Nd7 16. Qg4 Qb6 17. a3 a5 18. Be3 Qb7 19. Qf3 Rfc8 20. h4 h5 21. Qe2 a4 22. Nd2 Na7 23. Bf4 Re8 24. Nf3 Qc6 25. Rad1 Rac8 26. Qc2 Qb7 27. Ng5 Nc6 28. Nxf7 Kxf7 29. Bxg6+ Kg8 30. Bxe8 Rxe8 31. Qe2 Nf6 32. Bg5 Ng4 33. Qd3 Qb8 34. g3 Rf8 35. f4 Qe8 36. Re2 Nf6 37. Bxf6 Bxf6 38. Rde1 Nd8 39. f5 Qe7 40. fxe6 Bg7 41. Qg6 Nb7 42. Qxh5 Nd6 43. Qxd5 Nf5 44. Rf2 Nxg3 45. Rxf8+ Bxf8 46. Re3 Qxh4 47. e7+ Kh7 48. exf8=Q 1-0

[Event "CCT Play-in Chessable Masters 2024"]
[Site "Online"]
[Date "2024.01.31"]
[Round "6"]
[White "Zhu, Jiner"]
[Black "Sereiaza"]
[Result "0-1"]
[WhiteElo "2467"]
[BlackElo "2586"]
[Annotator "RC"]
[PlyCount "88"]
[EventDate "2024.01.26"]
[EventType "swiss"]
[EventCountry "NET"]
[SourceTitle "playchess.com"]
[Source "ChessBase"]
[SourceQuality "1"]

1. e4 e5 2. Nf3 Nc6 3. Bb5 a6 4. Ba4 Nf6 5. O-O Be7 6. Re1 b5 7. Bb3 d6 8. c3 O-O 9. d4 Bg4 10. d5 Na5 11. Bc2 c6 12. h3 Bc8 13. dxc6 Qc7 14. Nbd2 Qxc6 15. Nf1 Nc4 16. a4 Be6 17. Ng3 Rfc8 18. Qe2 h6 19. Nh4 b4 20. Nhf5 Bf8 21. b3 Na3 22. c4 Nxc2 23. Qxc2 d5 24. exd5 Bxd5 25. Ne3 Be6 26. Bb2 Nd7 27. Rad1 f6 28. Qg6 Bf7 29. Qg4 Nc5 30. Nef5 g6 31. f4 Kh7 32. Ne3 f5 33. Nexf5 gxf5 34. Qxf5+ Qg6 35. Qxe5 Bg7 36. f5 Qg5 37. f6 Qxe5 38. Bxe5 Bf8 39. Nf5 Re8 40. g4 Rad8 41. Rxd8 Rxd8 42. Nd4 Nd3 43. Nc6 Nxe1 44. Nxd8 Nf3+ 0-1

[Event "CCT Play-in Chessable Masters 2024"]
[Site "Online"]
[Date "2024.01.31"]
[Round "6"]
[White "Iskusnyh, Sergei"]
[Black "Tregubov, Pavel V."]
[Result "1-0"]
[WhiteElo "2440"]
[BlackElo "2567"]
[Annotator "RC"]
[PlyCount "99"]
[EventDate "2024.01.26"]
[EventType "swiss"]
[EventCountry "NET"]
[SourceTitle "playchess.com"]
[Source "ChessBase"]
[SourceQuality "1"]

1. d4 Nf6 2. c4 e6 3. g3 Bb4+ 4. Bd2 Qe7 5. Bg2 Nc6 6. e3 d5 7. a3 Bxd2+ 8. Nxd2 O-O 9. Ne2 Rd8 10. Nc3 dxc4 11. Nxc4 e5 12. d5 e4 13. Qc2 Ne5 14. Nxe4 Nxd5 15. O-O Bf5 16. Rad1 c6 17. Rd4 Nxc4 18. Qxc4 Nb6 19. Qc5 Qxc5 20. Nxc5 Rxd4 21. exd4 Rd8 22. Nxb7 Rxd4 23. Na5 c5 24. Nc6 Rd7 25. Rc1 c4 26. h4 Kf8 27. Bf3 f6 28. Kg2 Rd2 29. Nxa7 Rxb2 30. Nc6 Ra2 31. Nd4 Bd3 32. Nb5 Rb2 33. Bc6 Nc8 34. a4 Ne7 35. Bf3 Nf5 36. Re1 Ra2 37. g4 Nxh4+ 38. Kg3 Nxf3 39. Kxf3 Rxa4 40. Nd6 Ra8 41. Kf4 Rd8 42. Nb5 g5+ 43. Kg3 Kf7 44. f3 Rd5 45. Nc3 Re5 46. Ra1 Ke7 47. Ra6 Rc5 48. Kf2 Bg6 49. Ke3 Re5+ 50. Kd4 1-0